| 000 | 00577pam a2200181 a 4500 | ||
|---|---|---|---|
| 005 | 20250901165412.0 | ||
| 008 | 820427s1982 enka b 001 0 eng | ||
| 010 | _a 82009012 | ||
| 020 | _a0140465340 (pbk.) | ||
| 050 | 0 | 0 |
_aLB1573.5 .T74 1982 _b.T68 1982 |
| 082 | 0 | 0 |
_a372.6 _219 |
| 100 | 1 | _aTrelease, Jim. | |
| 245 | 1 | 4 |
_aThe read-aloud handbook / _cby Jim Trelease ; photographs by Joanne Rathe. |
| 260 |
_aHarmondsworth, Middlesex, England ; _aNew York, N.Y. : _bPenguin Books, _c1982. |
||
| 300 |
_a223 p. : _bill. ; _c24 cm. |
||
| 500 | _aIncludes index. | ||
| 942 | _2ddc | ||
| 999 |
_c3380 _d3380 |
||